Policies for economic sustainability for the construction industry in Yemen (Record no. 106949)

MARC details
000 -LEADER
fixed length control field 00888cam a22002055a 4500
001 - CONTROL NUMBER
control field L137952
008 - FIXED-LENGTH DATA ELEMENTS--GENERAL INFORMATION
fixed length control field 070509e2005 xxk f 100 0 eng d
035 ## - SYSTEM CONTROL NUMBER
System control number (Sirsi) u137952
041 0# - LANGUAGE CODE
Language code of text/sound track or separate title eng
100 1# - MAIN ENTRY--PERSONAL NAME
Personal name Sultan, Basel
245 00 - TITLE STATEMENT
Title Policies for economic sustainability for the construction industry in Yemen
Medium [electronic resource]
260 ## - PUBLICATION, DISTRIBUTION, ETC.
Date of publication, distribution, etc. 2005
490 #0 - SERIES STATEMENT
Series statement COBRA
Volume/sequential designation 2005
520 ## - SUMMARY, ETC.
Summary, etc. Discusses how the construction industry in Yemen and in other developing countries are coming under pressure to meet future demand for sustainable and economical development.
651 #4 - SUBJECT ADDED ENTRY--GEOGRAPHIC NAME
Geographic name YEMEN
700 1# - ADDED ENTRY--PERSONAL NAME
Personal name Kajewski, Stephen
711 2# - ADDED ENTRY--MEETING NAME
Meeting name or jurisdiction name as entry element Construction and Building Research Conference
Location of meeting University of Queensland, Brisbane
Date of meeting or treaty signing 4-5 July 2005
856 40 - ELECTRONIC LOCATION AND ACCESS
Uniform Resource Identifier <a href="https://www.rics.org/site/scripts/download_info.aspx?downloadID=2576">https://www.rics.org/site/scripts/download_info.aspx?downloadID=2576</a>
Public note View the item free of charge at www.rics.org...
942 ## - ADDED ENTRY ELEMENTS (KOHA)
Suppress in OPAC 0
Holdings
Withdrawn status Lost status Source of classification or shelving scheme Damaged status Not for loan Home library Current library Shelving location Date acquired Total Checkouts Full call number Barcode Date last seen Copy number Price effective from Koha item type
    Dewey Decimal Classification     Virtual Virtual Online 09/05/2007   ONLINE PUBLICATION 137952-2001 06/08/2019 1 06/08/2019 Book